00405nam a2200145Ia 4500008004100000082000900041100003300050245001400083260006000097300000800157600003300165630001400198700003300212730001400245090711s9999 xx 000 0 und d b2678 aलेले वि. गं. aकळस bविश्वमंगल प्रकाशनc1950 a108 aलेले वि. गं. aकळस aलेले वि. गं. aकळस